| 000 | 00933nam a22002537a 4500 | ||
|---|---|---|---|
| 005 | 20080729153731.0 | ||
| 008 | 080729t xxu||||| |||| 00| 0 eng d | ||
| 010 | _aENG-90642 | ||
| 020 |
_a8184350821 _c625.00 |
||
| 035 | _aEN-74175 | ||
| 037 | _bDBAD / PUB | ||
| 040 | _aDPL | ||
| 082 | _a302.23072 | ||
| 100 | _aAhluwaliya, J.P. | ||
| 245 |
_aMedia research methodology / _cby J.P. Ahluwaliya |
||
| 260 |
_aNew Delhi _bAdhyayan Publishers & Distributors _c2007 |
||
| 300 |
_avi, 224p. _c22 cm.(Hb) |
||
| 500 | _aIncludes bibliographical references and index | ||
| 650 |
_aMass media _xResearch _xMethodology |
||
| 650 |
_aSocial sciences _xMethodology |
||
| 650 |
_aSocial sciences _xResearch |
||
| 942 |
_2ddc _cEN _h302.23072 _mAHL |
||
| 999 |
_c14672 _d14672 |
||